Normal view
MARC view
Entry Personal Name
001 - CONTROL NUMBER
- control field: 14946
003 - CONTROL NUMBER IDENTIFIER
- control field: dpl
005 - DATE AND TIME OF LATEST TRANSACTION
- control field: 20100818152854.0
008 - FIXED-LENGTH DATA ELEMENTS
- fixed length control field: 100818|||a|||||| | ||| d
040 ## - CATALOGING SOURCE
- Original cataloging agency: dpl
- Transcribing agency: dpl
100 ## - HEADING--PERSONAL NAME
- Personal name: Kabeer, Naila
670 ## - SOURCE DATA FOUND
- Source citation: Work cat.: (dpl): Haan, Arjan de 14944, Social exclusive two essays /, 2008
670 ## - SOURCE DATA FOUND
- Source citation: Work cat.: (dpl): Haan, Arjan de 14944, Social exclusive two essays /, 2008
